| 000 | 00354pab a2200145 454500 | ||
|---|---|---|---|
| 008 | 180718b2004 xxu||||| |||| 00| 0 eng d | ||
| 100 | _aHaskar, P.N. | ||
| 245 | _aSouth Asia: stability and regional cooperation | ||
| 260 | _c2004 | ||
| 300 | _ap.12-14. | ||
| 362 | _a27 Nov | ||
| 650 | _aRegional cooperation | ||
| 773 | _aMainstream | ||
| 909 | _a63371 | ||
| 999 |
_c63371 _d63371 |
||